=LDR 00000nam 2200000 4500 =001 INLIS000000000025663 =005 20200603105650 =035 ##$$a 0010-061300000025663 =008 200603################g##########0#ind## =041 ##$$a Ind =082 ##$$a 2X4.8 =090 ##$$a 2X4.8, Jaf p =100 ##$$a Jafar, Muhammadiyah =245 1#$$a Pedoman ibadah muslim dalam empat madzhab sunni dan dalil dalilnya, /$c Drs. H. Muhammadiyah Jafar =260 ##$$a Pasuruan :$b GBI,$c 1993 =300 ##$$a vi, 201 hlm. ; $c 21 x 14 cm. =650 #4$$a Ibadah - Muslim =850 ##$$a NBPNMAT =084 ##$$a 2X4.8 JAF p =250 ##$$a cet. 1 =990 ##$$a 00052149 =990 ##$$a 00052149